Sports Quiz

Random Sports or Baseball Quiz
Score 0/28 Timer 10:00
0 Plays Today
Position Name % Correct
Center FieldTy Cobb
93.9%
ShortstopAlan Trammell
91.7%
Right FieldAl Kaline
89.4%
1st BaseHank Greenberg
83.2%
ManagerSparky Anderson
82.8%
Bench 2BLou Whitaker
81%
Starting Pitching 1Jack Morris
80.4%
BroadcasterErnie Harwell
72.2%
2nd BaseCharlie Gehringer
71.2%
Bench 1st Base/DHCecil Fielder
70.5%
BullpenWillie Hernandez
68.5%
Bench OF/DHKirk Gibson
67.2%
Bench CatherLance Parrish
66.8%
Starting Pitching 4Mickey Lolich
66.2%
Position Name % Correct
Bench 1st BaseNorm Cash
64.5%
CatcherBill Freehan
63.3%
Bench OF/DHWillie Horton
59.4%
Starting Pitching 2Hal Newhouser
56.4%
3rd BaseGeorge Kell
55.2%
Left FieldSam Crawford
46.7%
CloserJohn Hiller
40.8%
DHHarry Heilmann
40%
BullpenAurelio Lopez
37.9%
BullpenSchoolboy Rowe
21.4%
Starting Pitching 3Dizzy Trout
20.5%
BullpenFrank Tanana
17.8%
Bench SS/IFBilly Rogell
15.4%
Starting Pitching 5Tommy Bridges
14.8%

You're not logged in!

Compare scores with friends on all Sporcle quizzes.
OR
Log In

Sporcle TV

Today on Sporcle TV


Watch our educational content, quiz creation guides, and fun videos on Sporcle TV.

Show Comments

Extras

Top Quizzes Today


Score Distribution

Paid Content

Your Account Isn't Verified!

In order to create a playlist on Sporcle, you need to verify the email address you used during registration. Go to your Sporcle Settings to finish the process.

Report this User

Report this user for behavior that violates our Community Guidelines.

Details: